Metagenomics as a preliminary screen for antimicrobial bioprospecting in rubber tree (Hevea brasiliensis) (Record no. 74706)

MARC details
000 -LEADER
fixed length control field 00518nam a22001097a 4500
100 ## - MAIN ENTRY--AUTHOR NAME
Personal name Soumyamol, V.B
245 ## - TITLE STATEMENT
Title Metagenomics as a preliminary screen for antimicrobial bioprospecting in rubber tree (Hevea brasiliensis)
260 ## - PUBLICATION, DISTRIBUTION, ETC. (IMPRINT)
Name of publisher PLACROSYM XXIV: Coping with Pandemic and Beyond: Research and Innovations in the Plantation Crops Sector, 14-16 December 2021, Indian Cardamom Research Institute, Kochi, India, Book of Abstracts, pp.26-27
650 ## - SUBJECT ADDED ENTRY--TOPICAL TERM
Topical Term Metagenomics, Microorganisms
700 ## - ADDED ENTRY--PERSONAL NAME
Personal name Roy, C.B
942 ## - ADDED ENTRY ELEMENTS (KOHA)
Koha item type Journals
Holdings
Withdrawn status Lost status Damaged status Not for loan Home library Current library Date acquired Koha item type
        RRII Library RRII Library 07/07/2022 Journals